000 00938cab a2200289 4500
001 ABS50214
008 090401t1994 xxu||||| |||| 00| 0 eng d
035 _a(Sirsi) u74646
041 _aeng
100 _aBowater, R.
245 4 _aThe problem with NDR appeals
260 _c1994
350 _a0
490 _aIRRV Journal
_vFebruary 1994, 27(1)
520 _aResponds to the number of outstanding non-domestic rating appeals and the reluctance of the VOA to exceed its funded target with the suggestion that overperformance in the clearance of appeals should be allowed to be carried forward into the next financial year as profit.
650 _aBACKLOG
650 _aFINANCE
650 _aFUNDING
650 _aNON-DOMESTIC RATING
650 _aPERFORMANCE
650 _aRATING APPEALS
650 _aTARGETS
650 _aVALUATION OFFICE
690 _aRATING AND VALUATION
942 _n0
948 _c04/03/1997
999 _c47040
_d47040